New Zealand Labour Party Leaders - Picture Quiz - Statistics

General Stats
  • This quiz has been taken 25 times
  • The average score is 11 of 16
Answer Stats
Picture Hint Answer % Correct
(PM) Jacinda Ardern
100%
(PM) David Lange
95%
(PM) Helen Clark
95%
Andrew Little
89%
(PM) Michael Joseph Savage
84%
Phil Goff
84%
David Cunliffe
74%
(PM) Mike Moore
74%
(PM) Geoffrey Palmer
68%
(PM) Norman Kirk
68%
David Shearer
63%
(PM) Walter Nash
53%
(PM) Bill Rowling
47%
(PM) Peter Fraser
47%
Arnold Nordmeyer
21%
Harry Holland
21%
No matching quizzes found
Score Distribution
Percent of People with Each Score
Percentile by Number Answered
Your Score History
You have not taken this quiz